MINTY minesweeper - Statistics

General Stats
  • This quiz has been taken 332 times
  • The average score is 3 of 22
Answers on the Grid
Answers color-coded by a green-red scale on the quiz's grid according to % correct below.
A
B
C
D
A
B
C
D
A
B
C
D
A
B
C
D
A
B
C
D
A
B
C
D
A
B
C
D
A
B
C
D
 
Answer Stats
Answer % Correct
A
70%
B
20%
C
19%
C
18%
C
18%
D
18%
D
13%
A
12%
D
12%
B
11%
C
11%
D
11%
C
10%
D
10%
D
9%
A
8%
D
8%
B
7%
D
6%
A
4%
A
2%
B
2%
No matching quizzes found
Score Distribution
Percent of People with Each Score
Percentile by Number Answered
Your Score History
You have not taken this quiz